Countries Hoarding the Alphabet Quiz Stats

 Plays Quiz Updated Apr 5, 2019

Score 0/26 Timer 10:00
1 Play Today
Letter Country % Correct
ZAzerbaijan...
89.2%
QEquatorial Guinea...
85.5%
JAzerbaijan...
84.3%
FAfghanistan...
82.5%
HAfghanistan...
82.2%
VBolivia...
81.6%
WBotswana...
72%
XLuxembourg...
68.5%
KKazakhstan
63.6%
BAntigua and Barbuda...
60.4%
UUruguay
52%
YKyrgyzstan
49.4%
PPhilippines
48.4%
Letter Country % Correct
MMyanmar...
47.5%
IDominican Republic...
47.3%
CDemocratic Republic of the Congo
47.3%
AAntigua and Barbuda
45.4%
TSaint Kitts and Nevis...
40%
GGeorgia
39.9%
SMarshall Islands...
35.2%
ODemocratic Republic of the Congo
33.8%
NSaint Vincent and the Grenadines
27.3%
LMarshall Islands
27.1%
DTrinidad and Tobago
25%
RCentral African Republic
22%
ESaint Vincent and the Grenadines
18.5%

You're not logged in!

Compare scores with friends on all Sporcle quizzes.
OR
Log In

Sporcle TV

Today on Sporcle TV


Watch our educational content, quiz creation guides, and fun videos on Sporcle TV.

Show Comments

Extras

Top Quizzes Today


Score Distribution

Your Account Isn't Verified!

In order to create a playlist on Sporcle, you need to verify the email address you used during registration. Go to your Sporcle Settings to finish the process.

Report this User

Report this user for behavior that violates our Community Guidelines.

Details: